Born in Valencia - Statistics

General Stats
  • This quiz has been taken 27 times
    19 since last reset
  • The average score is 4 of 9
Answer Stats
Hint Answer % Correct
Footballer who plays for Bayer Leverkusen and the Spanish national team 1995 Alejandro Grimaldo
63%
Footballer who plays for Paris Saint Germain and the Spanish national team 1997 Carlos Soler
63%
Painter, "The Horse's Bath" "Walk on the Beach" 1863 Joaquín Sorolla
63%
President of supermarket chain Mercadona and billionaire 1949 Juan Roig
63%
Former footballer who played for Valencia, Levante, Tottenham and Spanish national team 1985 Roberto Soldado
38%
Actor, known for his role as Arturo from "Money Heist" 1972 Enrique Arce
19%
Former footballer who played for Levante, Celta, Valencia and the Spanish national team 1976 Juanfran
19%
Humanist, considered the father of modern psychology 1492 Juan Luis Vives
19%
King of Aragon, Valencia and Sicily 1240 Peter III of Aragón
6%
No matching quizzes found
Score Distribution
Percent of People with Each Score
Percentile by Number Answered
Your Score History
You have not taken this quiz since the last reset